[Event "44th Chess Olympiad Women 2022"]
[Site "Chennai"]
[Date "2022.07.29"]
[Round "1.11"]
[White "Smith, Olivia"]
[Black "Vantika Agrawal"]
[Result "0-1"]
[WhiteElo "2038"]
[BlackElo "2371"]
[Annotator "TA"]
[PlyCount "112"]
[EventDate "2022.07.29"]
[EventType "team-tourn"]
[EventCountry "IND"]
[SourceTitle "playchess.com"]
[Source "ChessBase"]
[SourceQuality "1"]
[WhiteTeam "Wales"]
[BlackTeam "India"]
[WhiteTeamCountry "WLS"]
[BlackTeamCountry "IND"]

1. e4 c5 2. Nf3 d6 3. Bb5+ Nd7 4. Ba4 Ngf6 5. O-O e6 6. d3 Be7 7. c4 O-O 8. Nc3 a6 9. Qe2 Qc7 10. Nd2 Nb6 11. Bc2 e5 12. a3 a5 13. Nb5 Qd8 14. Nb1 Ne8 15. f4 exf4 16. Bxf4 Bg5 17. Bg3 Be6 18. N1c3 Bh4 19. Bf4 Bg5 20. Bg3 Nc8 21. Nd5 Bxd5 22. exd5 g6 23. Nc3 Nf6 24. Ba4 Nh5 25. Ne4 Nxg3 26. hxg3 h5 27. Qf3 Kg7 28. Rae1 Be7 29. Re2 Nb6 30. Bb5 Nd7 31. Bxd7 Qxd7 32. Nf6 Qd8 33. Ref2 Bxf6 34. Qxf6+ Qxf6 35. Rxf6 Rad8 36. R6f4 f5 37. d4 b6 38. b4 axb4 39. axb4 cxd4 40. Rxd4 Kf6 41. Re1 Rfe8 42. Kf2 Rxe1 43. Kxe1 Ke5 44. Rd3 Rc8 45. Re3+ Kd4 46. Re6 Rxc4 47. Rxd6 Rxb4 48. Rxg6 Kxd5 49. Rg5 Ke4 50. Rxh5 Rb1+ 51. Kf2 Rb2+ 52. Kf1 b5 53. Rh8 b4 54. Re8+ Kd3 55. Re5 b3 56. Rxf5 Rc2 0-1

[Event "44th Chess Olympiad Women 2022"]
[Site "Chennai"]
[Date "2022.07.29"]
[Round "1.13"]
[White "Matnadze, Ana"]
[Black "Kojima, Natsumi"]
[Result "1-0"]
[WhiteElo "2406"]
[BlackElo "1782"]
[Annotator "TA"]
[PlyCount "29"]
[EventDate "2022.07.29"]
[EventType "team-tourn"]
[EventCountry "IND"]
[SourceTitle "playchess.com"]
[Source "ChessBase"]
[SourceQuality "1"]
[WhiteTeam "Spain"]
[BlackTeam "Japan"]
[WhiteTeamCountry "ESP"]
[BlackTeamCountry "JPN"]

1. d4 e6 2. c4 f5 3. Nf3 Nf6 4. g3 d5 5. Bg2 c6 6. O-O Bd6 7. Bf4 O-O 8. Nbd2 Ne4 9. Qb3 Bxf4 10. gxf4 Nd7 11. Qe3 Rf6 12. Rad1 Rh6 13. Nxe4 fxe4 14. Ne5 Nxe5 15. dxe5 1-0

[Event "44th Chess Olympiad Women 2022"]
[Site "Chennai"]
[Date "2022.07.29"]
[Round "1.13"]
[White "Sakai, Azumi"]
[Black "Vega Gutierrez, Sabrina"]
[Result "0-1"]
[WhiteElo "1759"]
[BlackElo "2366"]
[Annotator "TA"]
[PlyCount "30"]
[EventDate "2022.07.29"]
[EventType "team-tourn"]
[EventCountry "IND"]
[SourceTitle "playchess.com"]
[Source "ChessBase"]
[SourceQuality "1"]
[WhiteTeam "Japan"]
[BlackTeam "Spain"]
[WhiteTeamCountry "JPN"]
[BlackTeamCountry "ESP"]

1. d4 d5 2. c4 e6 3. Nf3 c6 4. e3 Nf6 5. b3 Nbd7 6. Bb2 Bd6 7. Bd3 O-O 8. O-O b6 9. Ne5 Bb7 10. Nd2 a5 11. Qc2 h6 12. e4 Rc8 13. Nxd7 Nxd7 14. e5 Be7 15. f4 c5 0-1

[Event "44th Chess Olympiad Women 2022"]
[Site "Chennai"]
[Date "2022.07.29"]
[Round "1.56"]
[White "Mills, Morgen"]
[Black "Esse, Akua Kosife"]
[Result "1-0"]
[WhiteElo "1993"]
[BlackElo "1329"]
[Annotator "TA"]
[PlyCount "33"]
[EventDate "2022.07.29"]
[EventType "team-tourn"]
[EventCountry "IND"]
[SourceTitle "playchess.com"]
[Source "ChessBase"]
[SourceQuality "1"]
[WhiteTeam "Canada"]
[BlackTeam "Togo"]
[WhiteTeamCountry "CAN"]
[BlackTeamCountry "TOG"]

1. e4 e5 2. Nf3 Nc6 3. Bb5 a6 4. Bxc6 dxc6 5. O-O Bd6 6. d4 f6 7. dxe5 fxe5 8. Nxe5 Ne7 9. Qh5+ g6 10. Qg5 O-O 11. Nd3 b6 12. Nc3 a5 13. Rd1 Qe8 14. a3 Ba6 15. e5 Rf5 16. Qe3 Rxe5 17. Nxe5 1-0

[Event "44th Chess Olympiad Women 2022"]
[Site "Chennai"]
[Date "2022.08.02"]
[Round "5.1"]
[White "Sebag, Marie"]
[Black "Koneru, Humpy"]
[Result "1/2-1/2"]
[WhiteElo "2447"]
[BlackElo "2586"]
[Annotator "TA"]
[PlyCount "62"]
[EventDate "2022.07.29"]
[EventType "team-tourn"]
[EventCountry "IND"]
[SourceTitle "playchess.com"]
[Source "ChessBase"]
[SourceQuality "1"]
[WhiteTeam "France"]
[BlackTeam "India"]
[WhiteTeamCountry "FRA"]
[BlackTeamCountry "IND"]

1. e4 e5 2. Nf3 Nc6 3. Bb5 a6 4. Ba4 Nf6 5. O-O Nxe4 6. d4 b5 7. Bb3 d5 8. dxe5 Be6 9. Qe2 Be7 10. Rd1 O-O 11. c4 bxc4 12. Bxc4 Bc5 13. Be3 Bxe3 14. Qxe3 Qb8 15. Bb3 Na5 16. Nbd2 Qa7 17. Nxe4 Qxe3 18. fxe3 Nxb3 19. axb3 dxe4 20. Nd4 Rfb8 21. Rdc1 Bxb3 22. Rxc7 Bd5 23. b4 Rxb4 24. Rxa6 Rf8 25. Rd6 Rb7 26. Rxb7 Bxb7 27. e6 fxe6 28. Nxe6 Rf6 29. Rd8+ Kf7 30. Nc5 Bc6 31. Rd4 Kf8 1/2-1/2

[Event "44th Chess Olympiad Women 2022"]
[Site "Chennai"]
[Date "2022.08.03"]
[Round "6.1"]
[White "Koneru, Humpy"]
[Black "Dzagnidze, Nana"]
[Result "1-0"]
[WhiteElo "2586"]
[BlackElo "2531"]
[Annotator "TA"]
[PlyCount "83"]
[EventDate "2022.07.29"]
[EventType "team-tourn"]
[EventCountry "IND"]
[SourceTitle "playchess.com"]
[Source "ChessBase"]
[SourceQuality "1"]
[WhiteTeam "India"]
[BlackTeam "Georgia"]
[WhiteTeamCountry "IND"]
[BlackTeamCountry "GEO"]

1. d4 Nf6 2. c4 e6 3. Nc3 c5 4. d5 exd5 5. cxd5 g6 6. Nf3 d6 7. Bf4 a6 8. a4 Bg7 9. h3 O-O 10. e3 Ne8 11. Be2 Nd7 12. O-O b6 13. Nd2 Ne5 14. Qb3 Rb8 15. Rad1 b5 16. Bh2 f5 17. axb5 axb5 18. Qc2 Nc7 19. b4 c4 20. Nf3 Nf7 21. Nd4 Bd7 22. Nc6 Bxc6 23. dxc6 Be5 24. Bxe5 Nxe5 25. f4 Nf7 26. Bf3 Qe7 27. Rfe1 Rfe8 28. Qd2 Rbd8 29. e4 fxe4 30. Rxe4 Qh4 31. Nd5 Rxe4 32. Bxe4 Nxd5 33. Bxd5 Qf6 34. Qe3 Rf8 35. Qe6 Qd8 36. Re1 Kg7 37. Qe7 Qb6+ 38. Qe3 Qxe3+ 39. Rxe3 Kf6 40. Re6+ Kf5 41. c7 c3 42. Re3 1-0

[Event "44th Chess Olympiad Women 2022"]
[Site "Chennai"]
[Date "2022.08.03"]
[Round "6.1"]
[White "Batsiashvili, Nino"]
[Black "Harika, Dronavalli"]
[Result "1/2-1/2"]
[WhiteElo "2466"]
[BlackElo "2517"]
[Annotator "TA"]
[PlyCount "65"]
[EventDate "2022.07.29"]
[EventType "team-tourn"]
[EventCountry "IND"]
[SourceTitle "playchess.com"]
[Source "ChessBase"]
[SourceQuality "1"]
[WhiteTeam "Georgia"]
[BlackTeam "India"]
[WhiteTeamCountry "GEO"]
[BlackTeamCountry "IND"]

1. d4 d5 2. c4 e6 3. Nc3 Nf6 4. cxd5 exd5 5. Bg5 Be7 6. Qc2 O-O 7. e3 h6 8. Bh4 c6 9. Bd3 Re8 10. Nge2 Nbd7 11. f3 b5 12. O-O Bb7 13. Bf2 a6 14. Rad1 Rc8 15. Ng3 c5 16. Qd2 Bf8 17. dxc5 Bxc5 18. Bf5 Qb6 19. e4 Rcd8 20. exd5 Nxd5 21. Nxd5 Bxd5 22. b4 Bxf2+ 23. Qxf2 Bc6 24. Bxd7 Qxf2+ 25. Rxf2 Rxd7 26. Rxd7 Bxd7 27. Ne4 Be6 28. Rd2 Ra8 29. Nc5 a5 30. Nxe6 fxe6 31. bxa5 Rxa5 32. Kf2 Ra3 33. Rb2 1/2-1/2

[Event "44th Chess Olympiad Women 2022"]
[Site "Chennai"]
[Date "2022.08.03"]
[Round "6.1"]
[White "Vaishali R"]
[Black "Javakhishvili, Lela"]
[Result "1-0"]
[WhiteElo "2442"]
[BlackElo "2476"]
[Annotator "TA"]
[PlyCount "72"]
[EventDate "2022.07.29"]
[EventType "team-tourn"]
[EventCountry "IND"]
[SourceTitle "playchess.com"]
[Source "ChessBase"]
[SourceQuality "1"]
[WhiteTeam "India"]
[BlackTeam "Georgia"]
[WhiteTeamCountry "IND"]
[BlackTeamCountry "GEO"]

1. e4 e5 2. Nf3 Nc6 3. Bb5 Nf6 4. O-O Nxe4 5. Re1 Nd6 6. Nxe5 Be7 7. Bf1 Nxe5 8. Rxe5 O-O 9. d4 Bf6 10. Re1 Re8 11. d5 Rxe1 12. Qxe1 b6 13. a4 Bb7 14. c4 Ba6 15. Na3 c6 16. Bf4 Nb7 17. b4 Bxa1 18. Qxa1 Qe7 19. b5 Nc5 20. bxa6 Nxa6 21. Be3 Nc5 22. Nc2 cxd5 23. cxd5 Qe4 24. Bxc5 bxc5 25. Ne3 Rb8 26. Qc3 Qxa4 27. Nf5 Qg4 28. Qe5 Rf8 29. h3 f6 30. Ne7+ Kf7 31. Qc7 Qa4 32. Nc6 Kg8 33. Qxd7 Qe4 34. Ne7+ Kh8 35. Nf5 Rg8 36. Nd6 Qd4 1-0

[Event "44th Chess Olympiad Women 2022"]
[Site "Chennai"]
[Date "2022.08.03"]
[Round "6.1"]
[White "Melia, Salome"]
[Black "Tania, Sachdev"]
[Result "1/2-1/2"]
[WhiteElo "2384"]
[BlackElo "2399"]
[Annotator "TA"]
[PlyCount "70"]
[EventDate "2022.07.29"]
[EventType "team-tourn"]
[EventCountry "IND"]
[SourceTitle "playchess.com"]
[Source "ChessBase"]
[SourceQuality "1"]
[WhiteTeam "Georgia"]
[BlackTeam "India"]
[WhiteTeamCountry "GEO"]
[BlackTeamCountry "IND"]

1. e4 e5 2. Nf3 Nc6 3. Bb5 a6 4. Ba4 Nf6 5. O-O Be7 6. Re1 b5 7. Bb3 O-O 8. a4 Bb7 9. d3 d6 10. c3 Na5 11. Ba2 c5 12. Nbd2 Qc7 13. Nf1 c4 14. Bg5 cxd3 15. Bxf6 Bxf6 16. axb5 axb5 17. Qxd3 Nc4 18. Ne3 Nxe3 19. Qxe3 Bc6 20. Bb3 Qb7 21. Rad1 Be7 22. Bd5 Ra4 23. h3 h6 24. Bxc6 Qxc6 25. Qd3 Ra2 26. Re2 Rc8 27. Nh2 Qc4 28. Qxc4 bxc4 29. Nf1 Rb8 30. Ne3 Rbxb2 31. Rxb2 Rxb2 32. Nxc4 Re2 33. Nxd6 Bxd6 34. Rxd6 Re1+ 35. Kh2 Rxe4 1/2-1/2

[Event "44th Chess Olympiad Women 2022"]
[Site "Chennai"]
[Date "2022.08.03"]
[Round "6.2"]
[White "Osmak, Yuliia"]
[Black "Lehaci, Miruna-Daria"]
[Result "0-1"]
[WhiteElo "2420"]
[BlackElo "2193"]
[Annotator "TA"]
[PlyCount "142"]
[EventDate "2022.07.29"]
[EventType "team-tourn"]
[EventCountry "IND"]
[SourceTitle "playchess.com"]
[Source "ChessBase"]
[SourceQuality "1"]
[WhiteTeam "Ukraine"]
[BlackTeam "Romania"]
[WhiteTeamCountry "UKR"]
[BlackTeamCountry "ROU"]

1. d4 Nf6 2. c4 e6 3. Nf3 c5 4. d5 exd5 5. cxd5 d6 6. Nc3 g6 7. Bf4 Bg7 8. h3 O-O 9. e3 Na6 10. Bxa6 bxa6 11. Rc1 Rb8 12. b3 h6 13. Bh2 Rb7 14. Nd2 Ne8 15. O-O f5 16. Nc4 g5 17. Re1 Rbf7 18. Qd3 a5 19. Ne2 f4 20. exf4 gxf4 21. Qf3 Nc7 22. Rcd1 Nb5 23. a4 Nd4 24. Nxd4 cxd4 25. Re4 Bb7 26. Re6 Rf5 27. Rxd6 Qg5 28. Qg4 Bxd5 29. Bxf4 Qxg4 30. hxg4 Rxf4 31. Rxd5 Rxf2 32. Rxa5 Re2 33. Rf5 Rb8 34. Rd3 Rbe8 35. g5 h5 36. Rf4 Rc2 37. Rd2 Rc3 38. Rf3 Rb8 39. Na5 Rc5 40. Nc4 Rxg5 41. Nd6 Rc5 42. Nf5 Be5 43. Kf2 Rb4 44. Re2 Rb7 45. Re4 Rd7 46. b4 Rcd5 47. Ke2 d3+ 48. Kd2 Bc3+ 49. Kd1 Kh7 50. g4 h4 51. g5 Re5 52. Rxe5 Bxe5 53. Nxh4 Bc3 54. b5 Kg7 55. Rg3 Rd5 56. g6 Bb4 57. Ng2 d2 58. Rg4 Ba5 59. Ne3 Rh5 60. Rg1 Rc5 61. Ke2 Rc1 62. Nd1 Rc4 63. Ne3 Rf4 64. Rg4 Rf6 65. Rd4 Kxg6 66. Nc4 Re6+ 67. Kd1 Re1+ 68. Kc2 Rc1+ 69. Kb3 Rc3+ 70. Kb2 Rxc4 71. Rxc4 d1=Q 0-1

[Event "44th Chess Olympiad Women 2022"]
[Site "Chennai"]
[Date "2022.08.03"]
[Round "6.2"]
[White "Cosma, Elena-Luminita"]
[Black "Buksa, Nataliya"]
[Result "1/2-1/2"]
[WhiteElo "2248"]
[BlackElo "2401"]
[Annotator "TA"]
[PlyCount "60"]
[EventDate "2022.07.29"]
[EventType "team-tourn"]
[EventCountry "IND"]
[SourceTitle "playchess.com"]
[Source "ChessBase"]
[SourceQuality "1"]
[WhiteTeam "Romania"]
[BlackTeam "Ukraine"]
[WhiteTeamCountry "ROU"]
[BlackTeamCountry "UKR"]

1. Nf3 c5 2. c4 Nc6 3. d4 cxd4 4. Nxd4 Nf6 5. Nc3 e6 6. e4 Bb4 7. Nxc6 bxc6 8. Bd3 e5 9. O-O d6 10. h3 Bc5 11. Qe2 h6 12. Be3 Nd7 13. Na4 Bxe3 14. Qxe3 Qa5 15. Bc2 Nc5 16. Nxc5 Qxc5 17. Ba4 Bd7 18. Qxc5 dxc5 19. Rfd1 Ke7 20. Rd2 Rhd8 21. Rad1 Be8 22. Rxd8 Rxd8 23. Rxd8 Kxd8 24. Kf1 Bd7 25. Ke2 Kc7 26. Kd3 Be6 27. Bd1 Kb6 28. Kc3 Bd7 29. Be2 Be6 30. Bd1 Bd7 1/2-1/2

[Event "44th Chess Olympiad Women 2022"]
[Site "Chennai"]
[Date "2022.08.03"]
[Round "6.3"]
[White "Mammadzada, Gunay"]
[Black "Abdumalik, Zhansaya"]
[Result "1/2-1/2"]
[WhiteElo "2455"]
[BlackElo "2495"]
[Annotator "TA"]
[PlyCount "50"]
[EventDate "2022.07.29"]
[EventType "team-tourn"]
[EventCountry "IND"]
[SourceTitle "playchess.com"]
[Source "ChessBase"]
[SourceQuality "1"]
[WhiteTeam "Azerbaijan"]
[BlackTeam "Kazakhstan"]
[WhiteTeamCountry "AZE"]
[BlackTeamCountry "KAZ"]

1. d4 Nf6 2. c4 e6 3. g3 d5 4. Bg2 c5 5. cxd5 exd5 6. Nf3 Nc6 7. Nc3 cxd4 8. Nxd4 Bc5 9. Nb3 Bb6 10. O-O d4 11. Na4 O-O 12. Bg5 Re8 13. Nxb6 axb6 14. Bxc6 bxc6 15. Qxd4 Qxd4 16. Nxd4 c5 17. Nb5 Re4 18. e3 Rxe3 19. Rfd1 Re2 20. Nc7 Bg4 21. Bxf6 Rc8 22. Nd5 gxf6 23. Nxb6 Kg7 24. Nc4 Rb8 25. Rdc1 Be6 1/2-1/2

[Event "44th Chess Olympiad Women 2022"]
[Site "Chennai"]
[Date "2022.08.03"]
[Round "6.3"]
[White "Assaubayeva, Bibisara"]
[Black "Beydullayeva, Govhar"]
[Result "1/2-1/2"]
[WhiteElo "2436"]
[BlackElo "2390"]
[Annotator "TA"]
[PlyCount "138"]
[EventDate "2022.07.29"]
[EventType "team-tourn"]
[EventCountry "IND"]
[SourceTitle "playchess.com"]
[Source "ChessBase"]
[SourceQuality "1"]
[WhiteTeam "Kazakhstan"]
[BlackTeam "Azerbaijan"]
[WhiteTeamCountry "KAZ"]
[BlackTeamCountry "AZE"]

1. d4 Nf6 2. c4 e6 3. Nc3 Bb4 4. e3 c5 5. Nge2 d5 6. a3 Ba5 7. Ng3 dxc4 8. Bxc4 cxd4 9. exd4 Nc6 10. Nge2 Bb6 11. Bb5 O-O 12. Bxc6 bxc6 13. Bg5 h6 14. Bh4 c5 15. Bxf6 Qxf6 16. dxc5 Bxc5 17. Ne4 Qe5 18. Nxc5 Qxc5 19. O-O Ba6 20. Re1 Rfd8 21. Qa4 Qb6 22. Qb4 Qxb4 23. axb4 Bc4 24. Nc3 Rd2 25. Re4 Bd5 26. Re2 Rxe2 27. Nxe2 Rb8 28. Rxa7 Rxb4 29. h3 Rxb2 30. Nf4 Bb7 31. Nd3 Rb1+ 32. Kh2 g5 33. Ra4 Bd5 34. h4 Kg7 35. hxg5 hxg5 36. Ne5 Re1 37. Ng4 Re2 38. Kg1 Re1+ 39. Kh2 f5 40. Ne3 Be4 41. Ra3 f4 42. Nc4 Bd5 43. Nb6 Be4 44. Ra5 Bf5 45. Ra7+ Kg6 46. Nd7 g4 47. Ra4 Kg5 48. Ra8 Kg6 49. Ra4 e5 50. Nxe5+ Rxe5 51. Rxf4 Kg5 52. Kg3 Re1 53. Rc4 Ra1 54. Rc3 Ra5 55. Rb3 Be4 56. Re3 Kf5 57. Rc3 Rd5 58. f3 gxf3 59. gxf3 Bd3 60. Rc8 Kg5 61. Rg8+ Bg6 62. Rg7 Rd3 63. Rg8 Ra3 64. Rg7 Kf6 65. Rg8 Kf7 66. Rb8 Be4 67. Rb4 Rxf3+ 68. Kg4 Bd5 69. Rf4+ Rxf4+ 1/2-1/2

[Event "44th Chess Olympiad Women 2022"]
[Site "Chennai"]
[Date "2022.08.03"]
[Round "6.3"]
[White "Mammadova, Gulnar"]
[Black "Balabayeva, Xeniya"]
[Result "1-0"]
[WhiteElo "2380"]
[BlackElo "2198"]
[Annotator "TA"]
[PlyCount "115"]
[EventDate "2022.07.29"]
[EventType "team-tourn"]
[EventCountry "IND"]
[SourceTitle "playchess.com"]
[Source "ChessBase"]
[SourceQuality "1"]
[WhiteTeam "Azerbaijan"]
[BlackTeam "Kazakhstan"]
[WhiteTeamCountry "AZE"]
[BlackTeamCountry "KAZ"]

1. e4 e6 2. d4 d5 3. Nd2 Nf6 4. e5 Nfd7 5. Ngf3 c5 6. c3 Nc6 7. Bd3 Qb6 8. O-O cxd4 9. cxd4 Nxd4 10. Nxd4 Qxd4 11. Nf3 Qb6 12. Qe2 h6 13. a3 a5 14. Bb5 Bc5 15. Rb1 a4 16. b4 axb3 17. Rxb3 Qa7 18. Nh4 b6 19. Rg3 g5 20. Nf3 Ba6 21. h4 gxh4 22. Rg4 Bxb5 23. Qxb5 Qa6 24. Qb3 h3 25. gxh3 O-O-O 26. Be3 Rdg8 27. Rc1 Kd8 28. Bxc5 bxc5 29. Qe3 Rxg4+ 30. hxg4 Qa4 31. Nh2 Qa5 32. Kg2 Kc7 33. Rb1 d4 34. Qf4 Qxa3 35. Nf3 Qa8 36. Rc1 Kd8 37. Kg3 Qd5 38. Ra1 Qb7 39. Nd2 Ke7 40. Ne4 Qb8 41. Nd6 Rf8 42. Kg2 f6 43. Qxh6 Nxe5 44. Ra6 Rf7 45. g5 Kd7 46. Ne4 Nd3 47. g6 Qb7 48. Ra7 Qxa7 49. gxf7 Qb7 50. f3 Qb2+ 51. Kg3 Qb1 52. Qxf6 Qg1+ 53. Kh4 Qh2+ 54. Kg5 Qg2+ 55. Kh6 Qh2+ 56. Kg7 Nf4 57. Qg5 e5 58. Nxc5+ 1-0

[Event "44th Chess Olympiad Women 2022"]
[Site "Chennai"]
[Date "2022.08.03"]
[Round "6.3"]
[White "Nakhbayeva, Guliskhan"]
[Black "Fataliyeva, Ulviyya"]
[Result "0-1"]
[WhiteElo "2329"]
[BlackElo "2372"]
[Annotator "TA"]
[PlyCount "74"]
[EventDate "2022.07.29"]
[EventType "team-tourn"]
[EventCountry "IND"]
[SourceTitle "playchess.com"]
[Source "ChessBase"]
[SourceQuality "1"]
[WhiteTeam "Kazakhstan"]
[BlackTeam "Azerbaijan"]
[WhiteTeamCountry "KAZ"]
[BlackTeamCountry "AZE"]

1. d4 d5 2. c4 e6 3. Nc3 a6 4. cxd5 exd5 5. Qb3 Nf6 6. Bg5 c5 7. Bxf6 gxf6 8. Nf3 Nc6 9. e3 Be6 10. Be2 Bd6 11. O-O O-O 12. dxc5 Bxc5 13. Rad1 Ne7 14. e4 d4 15. Bc4 Bg4 16. Nd5 Nc6 17. Rc1 Rc8 18. Nd2 Ne5 19. Qg3 Kh8 20. Qh4 Rc6 21. b4 Be7 22. Nxe7 Qxe7 23. Bd5 Rxc1 24. Rxc1 Rg8 25. Kh1 Nd3 26. Rc4 b5 27. Rc6 Rg6 28. h3 Kg7 29. Kg1 Bd7 30. Rxa6 Qxb4 31. Nf3 Qb1+ 32. Kh2 Qf1 33. g4 Nxf2 34. e5 fxe5 35. Qe7 Qxh3+ 36. Kg1 Rxg4+ 37. Kxf2 Rg2+ 0-1

[Event "44th Chess Olympiad Women 2022"]
[Site "Chennai"]
[Date "2022.08.03"]
[Round "6.4"]
[White "Socko, Monika"]
[Black "Blagojevic, Tijana"]
[Result "1-0"]
[WhiteElo "2416"]
[BlackElo "2330"]
[Annotator "TA"]
[PlyCount "95"]
[EventDate "2022.07.29"]
[EventType "team-tourn"]
[EventCountry "IND"]
[SourceTitle "playchess.com"]
[Source "ChessBase"]
[SourceQuality "1"]
[WhiteTeam "Poland"]
[BlackTeam "Serbia"]
[WhiteTeamCountry "POL"]
[BlackTeamCountry "SRB"]

1. d4 d5 2. c4 e6 3. Nf3 Nf6 4. e3 b6 5. Nbd2 Bd6 6. Qc2 Bb7 7. c5 bxc5 8. dxc5 Be7 9. b4 c6 10. Nb3 Nbd7 11. Bb2 O-O 12. Bd3 a5 13. a3 axb4 14. axb4 Rxa1+ 15. Bxa1 Qc7 16. O-O Ra8 17. Bc3 e5 18. e4 dxe4 19. Bxe4 Ra3 20. Re1 Nxe4 21. Rxe4 f6 22. Na5 Kh8 23. Re1 Ba6 24. Qb2 Ra4 25. Qb3 Bb5 26. h4 Nf8 27. Nxe5 fxe5 28. Bxe5 Qd7 29. Qf7 Qg4 30. Qxe7 Kg8 31. f3 Qd7 32. Bc3 Ra3 33. Qxd7 Nxd7 34. Bxg7 Nxc5 35. bxc5 Kxg7 36. Nb7 Rc3 37. Re7+ Kg6 38. Re5 Rc1+ 39. Kh2 Rc2 40. Nd6 Be2 41. Kh3 Bf1 42. Rg5+ Kf6 43. Ne4+ Kf7 44. h5 Bd3 45. Kg3 Bf1 46. Nf2 Bc4 47. h6 Bd5 48. Rg7+ 1-0

[Event "44th Chess Olympiad Women 2022"]
[Site "Chennai"]
[Date "2022.08.03"]
[Round "6.4"]
[White "Malicka, Maria"]
[Black "Velikic, Adela"]
[Result "1-0"]
[WhiteElo "2393"]
[BlackElo "2273"]
[Annotator "TA"]
[PlyCount "149"]
[EventDate "2022.07.29"]
[EventType "team-tourn"]
[EventCountry "IND"]
[SourceTitle "playchess.com"]
[Source "ChessBase"]
[SourceQuality "1"]
[WhiteTeam "Poland"]
[BlackTeam "Serbia"]
[WhiteTeamCountry "POL"]
[BlackTeamCountry "SRB"]

1. e4 c5 2. Nf3 d6 3. d4 cxd4 4. Nxd4 Nf6 5. Nc3 Nc6 6. Bg5 e6 7. Qd3 a6 8. Nxc6 bxc6 9. O-O-O Be7 10. Qg3 Qc7 11. Be2 Rb8 12. Rhf1 O-O 13. f4 d5 14. e5 Ne8 15. Bxe7 Qxe7 16. Na4 Nc7 17. Qc3 Qb4 18. Qxb4 Rxb4 19. Nc5 Rd8 20. c3 Rb8 21. Kc2 Ra8 22. Rd4 Ra7 23. Ra4 Kf8 24. Rd1 Ke7 25. Rdd4 f6 26. Bd3 Bd7 27. Kd2 Rf8 28. Ke3 h6 29. Ra5 Rb8 30. b3 Bc8 31. Rda4 Rb6 32. Be2 Ra8 33. a3 Ra7 34. Rb4 Rxb4 35. axb4 Ra8 36. Kd4 g5 37. g3 gxf4 38. gxf4 fxe5+ 39. Kxe5 Bd7 40. Nxa6 Nxa6 41. Rxa6 Rg8 42. Bf3 Rg1 43. Ra2 Rf1 44. Bh5 Re1+ 45. Re2 Rb1 46. Rg2 Re1+ 47. Re2 Rb1 48. Re3 Rh1 49. h3 Rg1 50. c4 Rg2 51. Be2 Rg8 52. Bg4 Rb8 53. Kd4 Kd6 54. b5 dxc4 55. bxc6 Kxc6 56. bxc4 Rf8 57. Re4 Kc7 58. Ke5 Re8 59. Kf6 Rg8 60. Kf7 Ra8 61. Bxe6 Ra3 62. Bxd7 Kxd7 63. h4 Rg3 64. f5 h5 65. Re7+ Kd8 66. Re8+ Kd7 67. Rh8 Rg4 68. Rxh5 Rxc4 69. f6 Rf4 70. Rh8 Kd6 71. h5 Ke5 72. Re8+ Kf5 73. Ra8 Kg5 74. Kg7 Rxf6 75. Ra5+ 1-0

[Event "44th Chess Olympiad Women 2022"]
[Site "Chennai"]
[Date "2022.08.03"]
[Round "6.4"]
[White "Injac, Teodora"]
[Black "Kashlinskaya, Alina"]
[Result "0-1"]
[WhiteElo "2372"]
[BlackElo "2505"]
[Annotator "TA"]
[PlyCount "94"]
[EventDate "2022.07.29"]
[EventType "team-tourn"]
[EventCountry "IND"]
[SourceTitle "playchess.com"]
[Source "ChessBase"]
[SourceQuality "1"]
[WhiteTeam "Serbia"]
[BlackTeam "Poland"]
[WhiteTeamCountry "SRB"]
[BlackTeamCountry "POL"]

1. Nf3 d5 2. g3 Nf6 3. Bg2 c5 4. O-O e6 5. d3 Nc6 6. Nbd2 Be7 7. e4 b5 8. Re1 Bb7 9. h4 h6 10. Qe2 Qb6 11. exd5 exd5 12. a4 O-O 13. axb5 Qxb5 14. d4 Qb6 15. Nb3 c4 16. Nbd2 Rae8 17. c3 Bc8 18. Nf1 Bf5 19. Ne3 Be4 20. Bh3 Bd3 21. Qd1 Bd8 22. Nh2 Na5 23. Nhg4 Nxg4 24. Bxg4 Nb3 25. Ra3 Be4 26. Bd7 Re7 27. Bf5 Bxf5 28. Nxf5 Rxe1+ 29. Qxe1 Qg6 30. Ne3 Qb1 31. Rxb3 cxb3 32. Nxd5 a5 33. c4 a4 34. Nc3 Qa1 35. Nb5 Qb1 36. Kg2 Qd3 37. Qc3 Qxc3 38. Nxc3 Bf6 39. Nb5 Rc8 40. c5 Bxd4 41. Nxd4 Rxc5 42. Be3 Rd5 43. Ne2 a3 44. bxa3 Rd3 45. Bc1 Rd1 46. Be3 b2 47. Nc3 Rc1 0-1

[Event "44th Chess Olympiad Women 2022"]
[Site "Chennai"]
[Date "2022.08.03"]
[Round "6.4"]
[White "Eric, Jovana"]
[Black "Kiolbasa, Oliwia"]
[Result "0-1"]
[WhiteElo "2271"]
[BlackElo "2376"]
[Annotator "TA"]
[PlyCount "78"]
[EventDate "2022.07.29"]
[EventType "team-tourn"]
[EventCountry "IND"]
[SourceTitle "playchess.com"]
[Source "ChessBase"]
[SourceQuality "1"]
[WhiteTeam "Serbia"]
[BlackTeam "Poland"]
[WhiteTeamCountry "SRB"]
[BlackTeamCountry "POL"]

1. e4 e5 2. Nf3 Nc6 3. Bb5 a6 4. Ba4 Nf6 5. d3 b5 6. Bb3 Bc5 7. Nc3 h6 8. Nd5 d6 9. a3 Rb8 10. h3 Nxd5 11. Bxd5 Ne7 12. Ba2 Ng6 13. O-O O-O 14. c3 Bb6 15. Be3 c5 16. b4 Bb7 17. Qd2 Kh7 18. Rfc1 c4 19. dxc4 Bxe4 20. Qe2 Bxe3 21. fxe3 f5 22. cxb5 axb5 23. c4 f4 24. exf4 Rxf4 25. Nd2 Bb7 26. Bb1 bxc4 27. Bxg6+ Kxg6 28. Nxc4 Kh7 29. Rd1 Rf6 30. Kh2 Rg6 31. Ne3 Qg5 32. Nd5 Rf8 33. Kh1 Ba6 34. Qc2 Kh8 35. a4 Qg3 36. Ra2 Rg5 37. b5 Bb7 38. Qe2 Rgf5 39. Qc4 Bxd5 0-1

[Event "44th Chess Olympiad Women 2022"]
[Site "Chennai"]
[Date "2022.08.03"]
[Round "6.5"]
[White "Guichard, Pauline"]
[Black "Van Foreest, Machteld"]
[Result "1-0"]
[WhiteElo "2379"]
[BlackElo "2299"]
[Annotator "TA"]
[PlyCount "67"]
[EventDate "2022.07.29"]
[EventType "team-tourn"]
[EventCountry "IND"]
[SourceTitle "playchess.com"]
[Source "ChessBase"]
[SourceQuality "1"]
[WhiteTeam "France"]
[BlackTeam "Netherlands"]
[WhiteTeamCountry "FRA"]
[BlackTeamCountry "NED"]

1. d4 d5 2. c4 e6 3. Nf3 c5 4. cxd5 exd5 5. g3 Nc6 6. Bg2 Nf6 7. O-O Be7 8. dxc5 Bxc5 9. a3 O-O 10. b4 Be7 11. Nc3 h6 12. Bb2 Be6 13. Rc1 Rc8 14. Qd3 Qd7 15. Rfd1 Rfd8 16. e3 Bg4 17. b5 Na5 18. Ne5 Qe6 19. Nxg4 Qxg4 20. Nxd5 Nxd5 21. Bxd5 Nc4 22. Ba1 Nb6 23. Rxc8 Nxc8 24. Qb3 Nd6 25. Kg2 Rc8 26. Be5 Nc4 27. Rd4 Nxe3+ 28. Qxe3 Qh5 29. Rf4 Bg5 30. Bxf7+ Qxf7 31. Rxf7 Bxe3 32. Rxg7+ Kf8 33. fxe3 Rc2+ 34. Kf3 1-0